Normal view
MARC view
Entry Personal Name
001 - CONTROL NUMBER
- control field: 4225
003 - CONTROL NUMBER IDENTIFIER
- control field: OSt
005 - DATE AND TIME OF LATEST TRANSACTION
- control field: 20190410122214.0
008 - FIXED-LENGTH DATA ELEMENTS
- fixed length control field: 190410|| aca||aabn | a|a d
040 ## - CATALOGING SOURCE
- Original cataloging agency: OSt
- Transcribing agency: OSt
100 ## - HEADING--PERSONAL NAME
- Personal name: India. Ministry of Environment and Forests
670 ## - SOURCE DATA FOUND
- Source citation: Work cat.: (OSt): India. Ministry of Environment and Forests, Annual report, 1989-90, 1990
